Most Populated Cities in Japan by Picture - Statistics

General Stats
  • This quiz has been taken 32 times
  • The average score is 12 of 17
Answer Stats
Picture Answer % Correct
Kyoto
100%
Nagoya
100%
Osaka
100%
Tokyo
100%
Sapporo
96%
Fukuoka
93%
Hiroshima
93%
Sendai
93%
Kobe
82%
Okayama
68%
Kitakyushu
61%
Kumamoto
61%
Shizuoka
61%
Niigata
57%
Hamamatsu
39%
Maebashi
18%
Utsonomiya
11%
No matching quizzes found
Score Distribution
Percent of People with Each Score
Percentile by Number Answered
Your Score History
You have not taken this quiz